| 000 | 01056nam a2200349 c 4500 | ||
|---|---|---|---|
| 001 | a57760 | ||
| 003 | DO-SdBNP | ||
| 005 | 20221104133232.0 | ||
| 008 | 160329r2006 sp | |||| 000 f spa | ||
| 015 | _a | ||
| 017 |
_a _b |
||
| 020 | _a9789707311275 | ||
| 035 | _a | ||
| 040 |
_aBPMSU _bspa _cBPMSU _e |
||
| 080 | _a | ||
| 082 | 4 |
_a833.91 _bG768t 2007 _222 |
|
| 100 | 1 |
_aGrass, Günter _d1927-2015 _4aut _932 |
|
| 245 | 1 | 3 |
_aEl tambor de hojalata / _cGünter Grass ; traducción del alemán de Miguel Sáenz (con la colaboración de Grita Loebsack) |
| 250 | _a | ||
| 260 |
_aBarcelona : _bPunto de lectura, _c2006 _g2007. |
||
| 300 |
_a791 p. : _c22 cm |
||
| 490 | _aPunto de lectura | ||
| 534 |
_aTítulo original _tDie blechtrommel. |
||
| 586 | _a"Premio Nobel de Literatura" 1999 | ||
| 590 | _6Inventariado, 2022/VM | ||
| 650 | _aNovela alemana | ||
| 700 |
_aGerhard Ottenwaelder, Carlos, _etr. |
||
| 700 |
_aMortiz, Joaquín, _etr. |
||
| 830 | _aPunto de lectura | ||
| 910 | _aVMateo V./Validado | ||
| 942 |
_2ddc _cBK |
||
| 999 |
_c10474 _d10474 |
||